Os segredos que o nosso corpo revela (Registo nº 33959)
[ vista simples ]
| 000 -Etiqueta do registo | |
|---|---|
| Valores | 00512nam a2200205 4500 |
| 010 ## - Número ISBN | |
| ISBN | 9789898818782 |
| 021 ## - Número do Depósito Legal | |
| Código do país | Portugal |
| Número | 420866/17 |
| 100 ## - Dados gerais de processamento | |
| Dados gerais | 20220609 frey50 |
| 101 ## - Língua de publicação | |
| Língua | Português |
| 102 ## - País de publicação | |
| País | Portugal |
| 200 ## - Titulo e menção de responsabilidade | |
| Título próprio | Os segredos que o nosso corpo revela |
| Primeira menção de responsabilidade | Alexandre Monteiro |
| 205 ## - Menção da edição | |
| Edição | 18ª. ed. |
| 210 ## - Publicação | |
| Local de publicação | Barcarena |
| Nome do editor | Manuscrito |
| Data de publicação | reimp. 2021 |
| 215 ## - Descrição física | |
| Paginação / Volumes | 295 p. |
| Outras indicações físicas | il. |
| Dimensões | 23 cm |
| 700 ## - Autor principal | |
| Função | Autor |
| Apelido | Monteiro |
| Nome | Alexandre |
| 801 ## - Fonte de origem | |
| País | PT |
| Regras de catalogação | RPC |
| 090 ## - Tipo de documento | |
| Koha biblioitem number (autogenerated) | 33959 |
| 990 ## - Elementos KOHA | |
| Tipo de documento | Livro |
| 994 ## - Estado da catalogação | |
| Situação | Completo |
| Situação do levantamento | Situação do extravio | Biblioteca de origem | Biblioteca de empréstimo | Código de barras | Cota | Permissão de empréstimo | Tipo de documento | Forma de aquisição |
|---|---|---|---|---|---|---|---|---|
| Completo | Biblioteca Municipal de Viana Do Alentejo | Biblioteca Municipal de Viana Do Alentejo | 0033687 | 159.9 MON | Disponível | Livro | Compra |